Music Quiz

Random Music or Artist Quiz

Album by First 3 Songs III Quiz Stats

 Plays Quiz Updated Nov 26, 2017

Challenge
Share
Tweet
Score 0/20 Timer 03:00
1 Play Today
% Correct
Britney Spears -
...Baby One More Time
93.4%
Beyoncé -
Dangerously in Love
81.6%
Lady Gaga -
The Fame
80.8%
No Doubt -
Tragic Kingdom
74.9%
Bruno Mars -
Doo-Wops & Hooligans
74%
Kiss -
Destroyer
71%
Nickelback -
Silver Side Up
70.4%
Genesis -
Invisible Touch
68.9%
Beverly Hills Cop -
Soundtrack
66.3%
Kylie Minogue -
Fever
65.9%
% Correct
Rush -
Moving Pictures
65.4%
Roy Orbison -
Lonely and Blue
64%
George Harrison -
All Things Must Pass
63.1%
Tom Petty &
the Heartbreakers -
Damn the Torpedoes
60.6%
Bob Dylan -
Blood on the Tracks
55.3%
Dave Matthews Band -
Crash
54.3%
Soundgarden -
Superunknown
52.1%
The Traveling Wilburys -
Vol. 1
50.9%
Alice Cooper -
School's Out
46.8%
Jay-Z -
The Black Album
43.1%

You're not logged in!

Compare scores with friends on all Sporcle quizzes.
OR
Log In

You Might Also Like...

Show Comments

Extras

Top Quizzes Today


Score Distribution

Your Account Isn't Verified!

In order to create a playlist on Sporcle, you need to verify the email address you used during registration. Go to your Sporcle Settings to finish the process.

Report this User

Report this user for behavior that violates our Community Guidelines.

Details: